Suports i ancoratges per a la senyalització exterior / projecte promogut pel Consell de Disseny de la Generalitat de Catalunya ; realització Josep Lluís Canosa, Núria Duran, Jordi Matas, ... [et al]
ISBN:
84-393-0358-0
Descripción Física:
39 p. : il., negre i col. ; 30 cm
Colección:
Quaderns de disseny ; 2
Materias:
Rètols -- Disseny
MARC
| LEADER | 00000nam a2200000Ia 4500 | ||
|---|---|---|---|
| 001 | 1572 | ||
| 008 | 160829s1984 xx 000 0 cat d | ||
| 020 | |a 84-393-0358-0 | ||
| 080 | |a FU-18-1 | ||
| 245 | |a Suports i ancoratges per a la senyalització exterior / projecte promogut pel Consell de Disseny de la Generalitat de Catalunya ; realització Josep Lluís Canosa, Núria Duran, Jordi Matas, ... [et al] | ||
| 260 | |a Barcelona : |b Generalitat de Catalunya, |c 1984 | ||
| 300 | |a 39 p. : |b il., negre i col. ; |c 30 cm | ||
| 490 | |a Quaderns de disseny ; 2 | ||
| 650 | |a Rètols |x Disseny |9 27379 | ||
| 700 | |a Catalunya. Consell de Disseny |9 27380 | ||
| 700 | |a Canosa, Josep Lluís |9 27381 | ||
| 700 | 1 | |a Duran, Núria |9 27382 | |
| 700 | |a Matas, Jordi |9 27383 | ||
| 901 | |a Arxiu | ||
| 942 | |n 1 | ||
| 952 | |0 0 |1 0 |4 0 |6 FU181 |7 1 |9 44368 |a Arxiu |b Arxiu |d 2016-12-01 |l 0 |o FU-18-1 |p 1572 |r 2016-12-01 00:00:00 |w 2016-12-01 |y ARXIU | ||
| 999 | |c 46949 |d 46949 | ||